| 000 | 01230nam0a22003371 4500 | ||
|---|---|---|---|
| 001 | v19\rc\1515571 | ||
| 005 | 20250618170313.0 | ||
| 035 | _a(NLR Aleph) 004639261 | ||
| 090 |
_a3272123 _c3272123 |
||
| 100 | _a20060620d1885 |||y0rusy50 ca | ||
| 101 | 0 | _arus | |
| 102 | _aRU | ||
| 105 | _ay z ||||| | ||
| 200 | 1 | _aСочинения П.В. Жуковского | |
| 210 |
_aСанкт-Петербург _cтип. А. Перотт _d1885 |
||
| 215 |
_a[8], 192 с. _d25 |
||
| 327 | 1 | _aСодерж.: Евдокия Стрешнева: Пьеса; Мои досуги: Стихотворения | |
| 464 | 0 |
_12001#$aЕвдокия Стрешнева$eПьеса$aМои досуги$eСтихотворения _tМои досуги |
|
| 532 | 1 | 0 | _aСочинения Петра Владимировича Жуковского |
| 700 | 1 |
_aЖуковский _bП.В. _f1824-1896 _gПетр Владимирович |
|
| 801 | 0 |
_aRU _bNLR _gpsbo |
|
| 801 | 0 |
_aRU _bRuMoRGB _2psbo |
|
| 801 | 1 |
_aRU _bProSoft-M _2rusmarc |
|
| 852 |
_aNLR _j18.220.2.25 |
||
| 852 |
_aNLR _j132/5730 |
||
| 899 |
_aRuMoRGB _jS 20/275 |
||
| 899 |
_aRuMoRGB _jU 422/183 |
||
| 899 | _aБАН | ||
| 899 | _aНБ СПбГУ | ||
| 942 | _cBOOK | ||
| 980 | _aNB | ||